Statistics for Countries by Highest Population In 1900

Click here to take the quiz!

General Stats

  • This quiz has been taken 36 times
  • The average score is 9 of 10

Answer Stats

Population% of WorldCountry% Correct
384 000 00022.5British Empire
100%
56 367 0003.3Germany
97%
400 000 00023.5Qing China
97%
136 305 9008Russian Empire
97%
46 605 0002.7Empire of Japan
94%
78 790 0004.6France
94%
75 994 0004.5United States
89%
32 475 0001.9Italy
86%
42 746 0002.5Dutch East Indies
69%
47 295 0002.8Austria-Hungary
53%

Score Distribution

Percentile by Number Answered

Percent of People with Each Score

Your Score History

You have not taken this quiz